Ideový návrh zážihového motora pre malú poľnohospodársku techniku

Salvato in:
Dettagli Bibliografici
Autore principale: Gonda, Erik (Autore)
Altri autori: Polóni, Marián (Relatore della tesi)
Natura: Manoscritto Libro
Lingua:slovacco
Pubblicazione: 2015
Soggetti:
Accesso online:http://is.stuba.sk/zp/portal_zp.pl?podrobnosti=112768
Tags: Aggiungi Tag
Nessun Tag, puoi essere il primo ad aggiungerne!!

MARC

LEADER 00000ntm a22000003a 4500
001 stuzp52720
003 SK-STU
005 20160719154247.1
007 ta
008 150427s2015----xo-----f-mn---000-0-slo-d
040 |a STU  |b slo 
041 0 |a slo 
100 1 |a Gonda, Erik  |u 020030  |4 aut  |U SjF Strojnícka fakulta  |T SjF Ústav dopravnej techniky a konštruovania  |X 64605  |U J0030  |Y 806  |7 A000064605 
242 0 1 |a Design of a petrol engine for small agricultural machinery  |y eng 
245 1 0 |a Ideový návrh zážihového motora pre malú poľnohospodársku techniku 
260 |c 2015 
650 4 |a motor  |2 slo 
650 4 |a kľukový hriadeľ  |2 slo 
650 4 |a zotrvačník  |2 slo 
650 4 |a mazanie  |2 slo 
650 4 |a bezpečnostná spojka  |2 slo 
650 4 |a the engine  |2 eng 
650 4 |a the crankshaft  |2 eng 
650 4 |a the flywheel  |2 eng 
650 4 |a lubrication  |2 eng 
650 4 |a the safety clutch  |2 eng 
700 1 |a Polóni, Marián  |4 ths  |X 2462  |7 A000002462 
856 4 |u http://is.stuba.sk/zp/portal_zp.pl?podrobnosti=112768 
996 |b 284J044164  |c J* 2454/DP  |l JJSK  |s A  |a 24  |w stuzp52720_0001 
SQL |a stuzp52720  |b DDP  |c SLO  |d Ideový návrh zážihového motora pre malú poľnohospodársku techniku  |e 64605  |f Gonda, Erik  |g 020030  |h 2462  |i Polóni, Marián  |j 20150618  |k 52  |l 02  |m http://is.stuba.sk/zp/portal_zp.pl?podrobnosti=112768  |n I-ALSM  |o 5.2.4. motorové vozidlá, koľajové vozidlá, lode a lietadlá